000 00273nam a22001217a 4500
008 170502b xxu||||| |||| 00| 0 eng d
041 _aeng
080 _22 ED
_a34
100 _a13
101 _aSHJ
245 _aAMERICAN JURISPRUDENCE
_cROSENHOUSE.M.A
942 _2udc
_cBK
999 _c12446
_d12446